[Event "Kecskemet Caissa IM 07"]
[Site "Kecskemet"]
[Date "2014.07.23"]
[Round "6"]
[White "Meszaros, Andras"]
[Black "Sutorikhin, Vladimir"]
[Result "1/2-1/2"]
[WhiteElo "2250"]
[BlackElo "2336"]
[PlyCount "22"]
[EventDate "2014.07.19"]
[EventType "tourn"]
[EventRounds "14"]
[EventCountry "HUN"]
[EventCategory "2"]
[SourceTitle "CBM 161 Extra"]
[Source "ChessBase"]
[SourceDate "2014.08.29"]
[SourceVersion "1"]
[SourceVersionDate "2014.08.29"]
[SourceQuality "1"]

1. d4 d5 2. c4 e6 3. Nc3 Be7 4. cxd5 exd5 5. Nf3 Nf6 6. Bg5 0-0 7. e3 c6 8. Bd3 Nbd7 9. 0-0 Re8 10. Qc2 Nf8 11. Ne5 Ng4 1/2-1/2

[Event "Kecskemet Caissa IM 07"]
[Site "Kecskemet"]
[Date "2014.07.19"]
[Round "1"]
[White "Nomin Erdene, Davaademberel"]
[Black "Sutorikhin, Vladimir"]
[Result "0-1"]
[WhiteElo "1982"]
[BlackElo "2336"]
[PlyCount "112"]
[EventDate "2014.07.19"]
[EventType "tourn"]
[EventRounds "14"]
[EventCountry "HUN"]
[EventCategory "2"]
[SourceTitle "CBM 161 Extra"]
[Source "ChessBase"]
[SourceDate "2014.08.29"]
[SourceVersion "1"]
[SourceVersionDate "2014.08.29"]
[SourceQuality "1"]

1. e4 d6 2. d4 Nf6 3. Nc3 Nbd7 4. Nf3 e5 5. Bc4 Be7 6. 0-0 0-0 7. h3 c6 8. Bd3 Re8 9. Be3 Bf8 10. Qd2 b5 11. dxe5 dxe5 12. Ne2 Nc5 13. Ng3 Qc7 14. Nh4 Ne6 15. a4 b4 16. Bg5 Nd7 17. Nhf5 f6 18. Be3 Ndc5 19. Bc4 Kh8 20. Nh4 Nf4 21. Qd1 g6 22. Nf3 Be6 23. Bxe6 Ncxe6 24. Nh2 Rad8 25. Qe1 c5 26. Ng4 Kg7 27. Ne2 c4 28. f3 Bc5 29. Bxc5 Qxc5+ 30. Kh1 h5 31. Nf2 Nxe2 32. Qxe2 Nf4 33. Qe1 h4 34. Ng4 Rh8 35. Qf2 Qxf2 36. Rxf2 Rd7 37. Ne3 Rc8 38. a5 c3 39. b3 Rcd8 40. Kg1 Rd2 41. Nc4 R2d4 42. Re1 Nh5 43. Rfe2 Kf7 44. Ra1 Ke6 45. Rae1 Nf4 46. Rf2 Kd7 47. Kh2 Nh5 48. Rff1 Kc6 49. Ra1 a6 50. Rfe1 Nf4 51. Rf1 Rxc4 52. bxc4 Rd2 53. Rg1 Rxc2 54. Ra4 b3 55. Ra3 b2 56. Rb3 Rc1 0-1

[Event "Kecskemet Caissa IM 08"]
[Site "Kecskemet"]
[Date "2013.08.19"]
[Round "4"]
[White "Cuhendi, Sean Winshand"]
[Black "Sutorikhin, Vladimir"]
[Result "1/2-1/2"]
[WhiteElo "2287"]
[BlackElo "2331"]
[PlyCount "34"]
[EventDate "2013.08.17"]
[EventType "tourn"]
[EventRounds "14"]
[EventCountry "HUN"]
[EventCategory "1"]
[SourceTitle "CBM 156 Extra"]
[Source "ChessBase"]
[SourceDate "2013.10.22"]
[SourceVersion "1"]
[SourceVersionDate "2013.10.22"]
[SourceQuality "1"]

1. d4 d5 2. Bf4 Nf6 3. e3 c5 4. c3 Nc6 5. Nd2 Qb6 6. Qb3 c4 7. Qc2 Bg4 8. e4 e6 9. f3 Bh5 10. h4 Bg6 11. g4 h5 12. g5 Nh7 13. Bh3 Be7 14. Ne2 0-0 15. Bf5 exf5 16. exf5 Nd8 17. fxg6 Qxg6 1/2-1/2

[Event "Senta op-A 14th"]
[Site "Senta"]
[Date "2010.07.24"]
[Round "9"]
[White "Vujic, Mihailo"]
[Black "Sutorikhin, Vladimir"]
[Result "0-1"]
[WhiteElo "2328"]
[BlackElo "2333"]
[PlyCount "78"]
[EventDate "2010.07.17"]
[EventType "swiss"]
[EventRounds "9"]
[EventCountry "YUG"]
[SourceTitle "CBM 137 Extra"]
[Source "ChessBase"]
[SourceDate "2010.09.01"]
[SourceVersion "1"]
[SourceVersionDate "2010.09.01"]
[SourceQuality "1"]

1. e4 d6 2. d4 Nf6 3. Nc3 e5 4. Nf3 Nbd7 5. Bc4 Be7 6. dxe5 Nxe5 7. Nxe5 dxe5 8. Qxd8+ Bxd8 9. Bg5 c6 10. f3 0-0 11. 0-0-0 Re8 12. Rd3 h6 13. Rhd1 Be7 14. Be3 b5 15. Bb3 a5 16. a3 b4 17. axb4 axb4 18. Nb1 Ba6 19. R3d2 Reb8 20. Ba4 c5 21. b3 c4 22. bxc4 Bxc4 23. Bb3 Rc8 24. Kb2 Rc6 25. Bxc4 Rxc4 26. Rd3 Rac8 27. Rc1 Ne8 28. Nd2 Rc3 29. Nb3 Nd6 30. Rxc3 bxc3+ 31. Kb1 Nc4 32. Re1 Rd8 33. Bc1 Bb4 34. Be3 f6 35. h3 Kf7 36. Ka2 h5 37. Nc1 Nd2 38. Ka1 Ba3 39. Ka2 Bxc1 0-1

[Event "Senta op-A 14th"]
[Site "Senta"]
[Date "2010.07.20"]
[Round "5"]
[White "Pavlov, Sergey1"]
[Black "Sutorikhin, Vladimir"]
[Result "1-0"]
[WhiteElo "2524"]
[BlackElo "2333"]
[PlyCount "73"]
[EventDate "2010.07.17"]
[EventType "swiss"]
[EventRounds "9"]
[EventCountry "YUG"]
[SourceTitle "CBM 137 Extra"]
[Source "ChessBase"]
[SourceDate "2010.09.01"]
[SourceVersion "1"]
[SourceVersionDate "2010.09.01"]
[SourceQuality "1"]

1. c4 e6 2. Nf3 d5 3. g3 Nf6 4. Bg2 Be7 5. d4 0-0 6. 0-0 c6 7. b3 Nbd7 8. a4 a5 9. Ba3 Bxa3 10. Nxa3 Re8 11. Ne5 Nxe5 12. dxe5 Nd7 13. f4 f6 14. e4 fxe5 15. cxd5 exd5 16. exd5 exf4 17. Rxf4 Ne5 18. Nc4 Nxc4 19. bxc4 Qb6+ 20. Kh1 Bd7 21. Rb1 Qa7 22. Qh5 g6 23. Qh6 Rf8 24. Rbf1 Qc5 25. Bh3 Rxf4 26. Rxf4 Bxh3 27. Qxh3 Re8 28. Qd7 Rf8 29. Qe6+ Kg7 30. Rxf8 Qxf8 31. Kg2 cxd5 32. cxd5 Qc5 33. d6 Qc6+ 34. Kh3 Qc1 35. Qe7+ Kg8 36. d7 Qf1+ 37. Kh4 1-0

[Event "Senta op-A 14th"]
[Site "Senta"]
[Date "2010.07.18"]
[Round "2"]
[White "Suc, Timothy"]
[Black "Sutorikhin, Vladimir"]
[Result "0-1"]
[WhiteElo "1993"]
[BlackElo "2333"]
[PlyCount "62"]
[EventDate "2010.07.17"]
[EventType "swiss"]
[EventRounds "9"]
[EventCountry "YUG"]
[SourceTitle "CBM 137 Extra"]
[Source "ChessBase"]
[SourceDate "2010.09.01"]
[SourceVersion "1"]
[SourceVersionDate "2010.09.01"]
[SourceQuality "1"]

1. Nf3 d5 2. g3 Nc6 3. d4 Bf5 4. Bg2 Nb4 5. Na3 e6 6. c3 Nc6 7. Qb3 Rb8 8. 0-0 Nf6 9. Bg5 Be7 10. Bxf6 Bxf6 11. Nd2 0-0 12. e4 dxe4 13. Nxe4 Be7 14. Nc4 b5 15. Ne3 Na5 16. Qd1 Bg6 17. b4 Nb7 18. a4 f5 19. Nc5 Nxc5 20. bxc5 b4 21. Nc4 bxc3 22. Ne5 Be8 23. Qd3 Rb4 24. Rfd1 c2 25. Qxc2 Rxd4 26. Qb3 Bxc5 27. Nf3 Rxd1+ 28. Rxd1 Qe7 29. Re1 Bd7 30. Ne5 Re8 31. Nc6 Bxc6 0-1

[Event "Senta op-A 13th"]
[Site "Senta"]
[Date "2009.07.25"]
[Round "9"]
[White "Sutorikhin, Vladimir"]
[Black "Damjanovic, Dragan"]
[Result "1/2-1/2"]
[WhiteElo "2341"]
[BlackElo "2230"]
[PlyCount "122"]
[EventDate "2009.07.18"]
[EventType "swiss"]
[EventRounds "9"]
[EventCountry "YUG"]
[SourceTitle "CBM 131 Extra"]
[Source "ChessBase"]
[SourceDate "2009.09.03"]
[SourceVersion "2"]
[SourceVersionDate "2009.09.16"]
[SourceQuality "1"]

1. d4 d5 2. c4 dxc4 3. e3 Nf6 4. Bxc4 e6 5. Nf3 c5 6. 0-0 a6 7. a3 b5 8. Ba2 Bb7 9. Nc3 Be7 10. Qe2 cxd4 11. Rd1 d3 12. Rxd3 Qc7 13. e4 Nc6 14. Bg5 Ne5 15. Bf4 Nxf3+ 16. Qxf3 Qc6 17. Rc1 0-0 18. Nd5 exd5 19. Rxc6 dxe4 20. Rc7 exf3 21. Rxb7 Rfd8 22. Rxd8+ Rxd8 23. gxf3 Rd7 24. Rb6 Nd5 25. Rb8+ Bf8 26. Bd2 Ne7 27. Bb4 g5 28. Ra8 Ng6 29. Bxf8 Nxf8 30. Rxa6 Rd1+ 31. Kg2 Ng6 32. f4 Nxf4+ 33. Kf3 Rd2 34. Ra7 Rxb2 35. Bxf7+ Kh8 36. h4 h6 37. hxg5 hxg5 38. Kg4 Rxf2 39. Kxg5 Ne2 40. Kh6 Rf6+ 41. Bg6 Kg8 42. Rb7 Nf4 43. Rb8+ Rf8 44. Bh7+ Kf7 45. Rxb5 Ke7 46. a4 Kd6 47. Be4 Re8 48. Bb7 Re5 49. Rb4 Rh5+ 50. Kg7 Ne6+ 51. Kg6 Rg5+ 52. Kf6 Rg1 53. Be4 Rf1+ 54. Bf5 Ng7 55. Kxg7 Rxf5 56. Kg6 Rf1 57. Rc4 Rf2 58. Kg5 Rf3 59. Kg4 Rf2 60. Kg3 Rf1 61. Kg2 Rf5 1/2-1/2

[Event "Senta op-A 13th"]
[Site "Senta"]
[Date "2009.07.24"]
[Round "8"]
[White "Arsovic, Zoran"]
[Black "Sutorikhin, Vladimir"]
[Result "1-0"]
[WhiteElo "2468"]
[BlackElo "2341"]
[PlyCount "63"]
[EventDate "2009.07.18"]
[EventType "swiss"]
[EventRounds "9"]
[EventCountry "YUG"]
[SourceTitle "CBM 131 Extra"]
[Source "ChessBase"]
[SourceDate "2009.09.03"]
[SourceVersion "2"]
[SourceVersionDate "2009.09.16"]
[SourceQuality "1"]

1. Nf3 d5 2. d4 Nf6 3. c4 dxc4 4. e3 a6 5. Bxc4 b5 6. Bd3 Bb7 7. a4 b4 8. 0-0 e6 9. Qe2 c5 10. Rd1 Nbd7 11. Nbd2 cxd4 12. exd4 Be7 13. Nc4 0-0 14. Bf4 Nb6 15. Nce5 Nbd5 16. Bd2 a5 17. Rac1 Qb6 18. Bb5 Rac8 19. Nc4 Qa7 20. Nfe5 Rc7 21. Qd3 Rd8 22. Re1 h6 23. Nxf7 Kxf7 24. Ne5+ Kg8 25. Qg6 Rxc1 26. Bxc1 Qxd4 27. Bxh6 Bf8 28. Qf7+ Kh7 29. Bd3+ Qxd3 30. Nxd3 Ba6 31. Ne5 Ne7 32. Bg5 1-0

[Event "Senta op-A 12th"]
[Site "Senta"]
[Date "2008.07.25"]
[Round "9"]
[White "Sutorikhin, Vladimir"]
[Black "Kolbert, Engelbert"]
[Result "1-0"]
[WhiteElo "2354"]
[BlackElo "2218"]
[PlyCount "43"]
[EventDate "2008.07.18"]
[EventType "swiss"]
[EventRounds "9"]
[EventCountry "YUG"]
[SourceTitle "CBM 125 Extra"]
[Source "ChessBase"]
[SourceDate "2008.09.01"]
[SourceVersion "1"]
[SourceVersionDate "2008.09.01"]
[SourceQuality "1"]

1. d4 Nf6 2. Nf3 g6 3. Nc3 Bg7 4. e4 d6 5. Bf4 c5 6. dxc5 Qa5 7. Qd2 Qxc5 8. e5 dxe5 9. Be3 Qc7 10. Nb5 Qd8 11. Qxd8+ Kxd8 12. 0-0-0+ Nbd7 13. Nxe5 Rf8 14. Bc4 e6 15. Bc5 a6 16. Bxf8 Bxf8 17. Nxf7+ Ke7 18. Nbd6 b5 19. Bxe6 Ne4 20. Rhe1 Kxe6 21. Rxe4+ Kf6 22. Nxc8 1-0

[Event "Senta op-A 12th"]
[Site "Senta"]
[Date "2008.07.20"]
[Round "4"]
[White "Kuzmanovic, Slobodan"]
[Black "Sutorikhin, Vladimir"]
[Result "1/2-1/2"]
[WhiteElo "2144"]
[BlackElo "2354"]
[PlyCount "99"]
[EventDate "2008.07.18"]
[EventType "swiss"]
[EventRounds "9"]
[EventCountry "YUG"]
[SourceTitle "CBM 125 Extra"]
[Source "ChessBase"]
[SourceDate "2008.09.01"]
[SourceVersion "1"]
[SourceVersionDate "2008.09.01"]
[SourceQuality "1"]

1. e4 c5 2. Nf3 a6 3. c3 d5 4. exd5 Qxd5 5. d4 Nf6 6. Be2 e6 7. 0-0 Nc6 8. Be3 cxd4 9. cxd4 Be7 10. Nc3 Qa5 11. a3 0-0 12. b4 Qd8 13. Bd3 b5 14. Qc2 Bb7 15. Rfd1 Rc8 16. Rac1 h6 17. Qe2 Bd6 18. Bb1 Ne7 19. Ne5 Ned5 20. Nxd5 Bxd5 21. Bf4 Qe7 22. Qe3 Rfd8 23. f3 Qf8 24. g4 g5 25. Bg3 Bb7 26. h4 Qg7 27. hxg5 hxg5 28. Kf2 Nd5 29. Qd2 Rxc1 30. Rxc1 f6 31. Rh1 fxe5 32. Rh7 Qf6 33. Rxb7 e4 34. Bxe4 Bxg3+ 35. Kxg3 Nf4 36. Qh2 Kf8 37. Qh7 Ne2+ 38. Kg2 Nxd4 39. Qc7 Nb3 40. Rb8 Rxb8 41. Qxb8+ Ke7 42. Qc7+ Kf8 43. Qc8+ Ke7 44. Qb7+ Kf8 45. Qxa6 Qb2+ 46. Kh3 Qh8+ 47. Kg2 Qb2+ 48. Kh1 Qh8+ 49. Kg2 Qb2+ 50. Kh3 1/2-1/2

[Event "Kecskemet Caissa IM 05"]
[Site "Kecskemet"]
[Date "2006.05.22"]
[Round "4"]
[White "Eisenbeiser, Amadeus"]
[Black "Sutorikhin, Vladimir"]
[Result "1/2-1/2"]
[WhiteElo "2370"]
[BlackElo "2359"]
[PlyCount "77"]
[EventDate "2006.05.20"]
[EventType "tourn"]
[EventRounds "10"]
[EventCountry "HUN"]
[EventCategory "2"]
[SourceTitle "CBM 112 Extra"]
[Source "ChessBase"]
[SourceDate "2006.07.14"]
[SourceVersion "1"]
[SourceVersionDate "2006.07.14"]
[SourceQuality "1"]

1. e4 d6 2. d4 Nf6 3. Nc3 Nbd7 4. Nf3 e5 5. Bc4 Be7 6. 0-0 0-0 7. Re1 c6 8. a4 a5 9. h3 Re8 10. b3 Bf8 11. Ba3 h6 12. d5 Nb6 13. Bf1 cxd5 14. Nxd5 Nbxd5 15. exd5 Nd7 16. Bb5 f5 17. Nd2 Qf6 18. Nc4 Rd8 19. Qd2 e4 20. Bxd7 Bxd7 21. Bb2 Qg6 22. Bc3 Be7 23. Bxa5 Rf8 24. f4 Qh5 25. Bc7 Ra6 26. Nb6 Be8 27. b4 g5 28. b5 Rxb6 29. Bxb6 gxf4 30. Qxf4 Bf6 31. Qxd6 Bxa1 32. Rxa1 f4 33. Bd4 Rf5 34. Qe6+ Bf7 35. Qc8+ Be8 36. Qe6+ Bf7 37. Qc8+ Be8 38. Qe6+ Bf7 39. Qc8+ 1/2-1/2

[Event "Kecskemet Caissa IM-B 08"]
[Site "Kecskemet"]
[Date "2005.08.26"]
[Round "10"]
[White "Sutorikhin, Vladimir"]
[Black "Knudsen, Jes West"]
[Result "1-0"]
[WhiteElo "2370"]
[BlackElo "2038"]
[PlyCount "49"]
[EventDate "2005.08.20"]
[EventType "tourn"]
[EventRounds "14"]
[EventCountry "HUN"]
[SourceTitle "CBM 108 Extra"]
[Source "ChessBase"]
[SourceDate "2005.11.04"]
[SourceVersion "1"]
[SourceVersionDate "2005.11.04"]
[SourceQuality "1"]

1. d4 Nf6 2. Nf3 Ne4 3. e3 d5 4. Be2 Bf5 5. 0-0 e6 6. c4 c6 7. Qb3 Qc7 8. Nc3 g5 9. cxd5 exd5 10. Nxe4 dxe4 11. Ne5 Bd6 12. f3 Bxe5 13. dxe5 Be6 14. Bc4 Bxc4 15. Qxc4 Qxe5 16. fxe4 0-0 17. Rf5 Qg7 18. Bd2 h6 19. Bc3 Qg6 20. Raf1 Na6 21. Rf6 Qh7 22. h4 Rae8 23. R1f5 gxh4 24. Rf4 h5 25. R4f5 1-0

[Event "Kecskemet Caissa IM-B 08"]
[Site "Kecskemet"]
[Date "2005.08.25"]
[Round "9"]
[White "Kragelj, Igor"]
[Black "Sutorikhin, Vladimir"]
[Result "0-1"]
[WhiteElo "2230"]
[BlackElo "2370"]
[PlyCount "64"]
[EventDate "2005.08.20"]
[EventType "tourn"]
[EventRounds "14"]
[EventCountry "HUN"]
[SourceTitle "CBM 108 Extra"]
[Source "ChessBase"]
[SourceDate "2005.11.04"]
[SourceVersion "1"]
[SourceVersionDate "2005.11.04"]
[SourceQuality "1"]

1. d4 d6 2. c4 e5 3. Nc3 Nd7 4. Nf3 Ngf6 5. e4 c6 6. Be2 Be7 7. 0-0 0-0 8. Be3 a6 9. d5 Ng4 10. Bd2 Ngf6 11. Be3 Ng4 12. Bd2 h6 13. b4 a5 14. a3 c5 15. Rb1 axb4 16. axb4 cxb4 17. Rxb4 Nc5 18. Ne1 Nf6 19. f3 Nfd7 20. Nb5 Ra6 21. Nd3 Bg5 22. Qc2 Nxd3 23. Bxd3 Nc5 24. Nc3 Bd7 25. Rfb1 Ra3 26. Bc1 Bxc1 27. Qxc1 Qa5 28. Be2 f5 29. Bf1 Ra8 30. Kh1 fxe4 31. fxe4 Rf8 32. Be2 Qa7 0-1

[Event "Kecskemet Caissa IM-B 08"]
[Site "Kecskemet"]
[Date "2005.08.24"]
[Round "7"]
[White "Sutorikhin, Vladimir"]
[Black "Eisenbeiser, Amadeus"]
[Result "1/2-1/2"]
[WhiteElo "2370"]
[BlackElo "2318"]
[PlyCount "20"]
[EventDate "2005.08.20"]
[EventType "tourn"]
[EventRounds "14"]
[EventCountry "HUN"]
[SourceTitle "CBM 108 Extra"]
[Source "ChessBase"]
[SourceDate "2005.11.04"]
[SourceVersion "1"]
[SourceVersionDate "2005.11.04"]
[SourceQuality "1"]

1. d4 g6 2. e4 Bg7 3. c3 d6 4. Nf3 Nd7 5. Be2 Ngf6 6. Nbd2 e5 7. dxe5 dxe5 8. 0-0 0-0 9. Re1 c6 10. Qc2 Qc7 1/2-1/2

[Event "Kecskemet Caissa IM-B 08"]
[Site "Kecskemet"]
[Date "2005.08.22"]
[Round "3"]
[White "Knudsen, Jes West"]
[Black "Sutorikhin, Vladimir"]
[Result "0-1"]
[WhiteElo "2038"]
[BlackElo "2370"]
[PlyCount "68"]
[EventDate "2005.08.20"]
[EventType "tourn"]
[EventRounds "14"]
[EventCountry "HUN"]
[SourceTitle "CBM 108 Extra"]
[Source "ChessBase"]
[SourceDate "2005.11.04"]
[SourceVersion "1"]
[SourceVersionDate "2005.11.04"]
[SourceQuality "1"]

1. e4 d6 2. d4 Nf6 3. Nc3 e5 4. dxe5 dxe5 5. Qxd8+ Kxd8 6. Bc4 Be6 7. Bxe6 fxe6 8. Nf3 Bd6 9. Bg5 Ke7 10. 0-0-0 a6 11. h3 Nbd7 12. a3 b5 13. Nd2 Rhb8 14. Ncb1 a5 15. f3 a4 16. Be3 Nh5 17. Bg5+ Ndf6 18. Rde1 h6 19. Be3 Nd7 20. g4 Nf4 21. Rh2 Bc5 22. Nf1 b4 23. Rd1 Bd6 24. Nfd2 Ra6 25. Nc4 Rb5 26. h4 Rc6 27. Nxd6 cxd6 28. axb4 Rxb4 29. h5 Nb6 30. Bxb6 Rcxb6 31. c3 Rb3 32. Rc2 d5 33. Na3 Kf6 34. Kb1 Rxa3 0-1

[Event "Kecskemet Caissa"]
[Site "Kecskemet"]
[Date "2005.03.25"]
[Round "6"]
[White "Zakharchenko, Arnold"]
[Black "Sutorikhin, Vladimir"]
[Result "0-1"]
[WhiteElo "2292"]
[BlackElo "2364"]
[PlyCount "60"]
[EventDate "2005.03.20"]
[EventType "tourn"]
[EventRounds "9"]
[EventCountry "HUN"]
[SourceTitle "CBM 105 Extra"]
[Source "ChessBase"]
[SourceDate "2005.05.01"]
[SourceVersion "1"]
[SourceVersionDate "2005.05.01"]
[SourceQuality "1"]

1. d4 d5 2. c4 e6 3. Nc3 Bb4 4. e3 Nf6 5. Nf3 0-0 6. Bd3 Nc6 7. a3 dxc4 8. Bxc4 Bd6 9. b4 e5 10. d5 Ne7 11. Bb2 Ng6 12. h3 a6 13. e4 Qe7 14. Nd2 b5 15. Bf1 Bb7 16. g3 c6 17. Bg2 cxd5 18. Nxd5 Nxd5 19. exd5 e4 20. Qb3 f5 21. 0-0 Qf7 22. Nxe4 fxe4 23. Bxe4 Rae8 24. Bg2 Ne5 25. Rad1 Nf3+ 26. Kh1 Re2 27. Bc1 Ne5 28. Be3 Nc4 29. Bc5 Qe7 30. Bxd6 Qxd6 0-1

[Event "Kecskemet Caissa"]
[Site "Kecskemet"]
[Date "2005.03.23"]
[Round "4"]
[White "Keresztes, Richard"]
[Black "Sutorikhin, Vladimir"]
[Result "0-1"]
[WhiteElo "2222"]
[BlackElo "2364"]
[PlyCount "62"]
[EventDate "2005.03.20"]
[EventType "tourn"]
[EventRounds "9"]
[EventCountry "HUN"]
[SourceTitle "CBM 105 Extra"]
[Source "ChessBase"]
[SourceDate "2005.05.01"]
[SourceVersion "1"]
[SourceVersionDate "2005.05.01"]
[SourceQuality "1"]

1. d4 d5 2. c4 dxc4 3. e3 c5 4. d5 b5 5. a4 e6 6. dxe6 Qxd1+ 7. Kxd1 Bxe6 8. axb5 Nd7 9. Nd2 Nb6 10. g3 Nf6 11. Bg2 Nfd5 12. Ne2 g5 13. Nc3 Bg7 14. Nxd5 Nxd5 15. Ne4 Rd8 16. Ke2 c3 17. b3 c4 18. bxc4 Nb4 19. Nxg5 Bxc4+ 20. Kf3 h6 21. Nh3 Nd3 22. g4 h5 23. gxh5 Bh6 24. Rg1 Rg8 25. Bf1 Ne1+ 26. Ke4 f5+ 27. Kxf5 Rf8+ 28. Kg6 Rd6+ 29. Kh7 Bxf1 30. Rxf1 Rf7+ 31. Kg8 Rdd7 0-1

[Event "Bad Woerishofen op 21st"]
[Site "Bad Woerishofen"]
[Date "2005.03.08"]
[Round "6"]
[White "Gasthofer, Alexander"]
[Black "Sutorikhin, Vladimir"]
[Result "1/2-1/2"]
[WhiteElo "2430"]
[BlackElo "2200"]
[PlyCount "81"]
[EventDate "2005.03.03"]
[EventType "swiss"]
[EventRounds "9"]
[EventCountry "GER"]
[SourceTitle "EXT 2006"]
[Source "ChessBase"]
[SourceDate "2005.11.24"]
[SourceVersion "1"]
[SourceVersionDate "2005.11.24"]
[SourceQuality "1"]

1. Nf3 Nf6 2. g3 g6 3. c4 c6 4. Bg2 Bg7 5. 0-0 0-0 6. d4 d5 7. Ne5 e6 8. Nc3 Nfd7 9. f4 dxc4 10. Nxc4 Nb6 11. Ne5 N8d7 12. Be3 Nd5 13. Bf2 Nxe5 14. dxe5 b6 15. Qa4 Bb7 16. Ne4 Qc7 17. Nd6 c5 18. Nxb7 Qxb7 19. Rfd1 Rfd8 20. Rd2 Bf8 21. Rad1 b5 22. Qc2 Qc6 23. a3 Rd7 24. h4 Rad8 25. h5 a5 26. hxg6 hxg6 27. e4 Nb6 28. Rxd7 Rxd7 29. f5 Rxd1+ 30. Qxd1 Qd7 31. Qe2 Nc4 32. a4 Nxe5 33. axb5 exf5 34. exf5 Qxf5 35. b6 Nd3 36. b7 Bd6 37. Qe8+ Kg7 38. Qe3 Qxf2+ 39. Qxf2 Nxf2 40. Kxf2 Kf6 41. Bd5 1/2-1/2

[Event "HUN-chT2 9900"]
[Site "Hungary"]
[Date "2000.03.26"]
[Round "10"]
[White "Sutorikhin, Vladimir"]
[Black "Menyhart, Tibor"]
[Result "1-0"]
[WhiteElo "2385"]
[BlackElo "2305"]
[PlyCount "53"]
[EventDate "1999.09.26"]
[EventType "team-tourn"]
[EventRounds "11"]
[EventCountry "HUN"]
[SourceTitle "EXT 2002"]
[Source "ChessBase"]
[SourceDate "2001.11.25"]
[SourceVersion "1"]
[SourceVersionDate "2001.11.25"]
[SourceQuality "1"]

1. d4 Nf6 2. Nf3 d5 3. c4 dxc4 4. e3 Bg4 5. Bxc4 e6 6. Nc3 a6 7. 0-0 Nc6 8. Be2 Bd6 9. a3 0-0 10. h3 Bh5 11. b4 Qe7 12. b5 axb5 13. Nxb5 Ne4 14. Bb2 Ra5 15. Nxd6 Qxd6 16. Qc2 Bg6 17. Bd3 Qd5 18. Nh4 Nd6 19. Nxg6 hxg6 20. e4 Qh5 21. Rad1 Rc8 22. Be2 Qh4 23. d5 Nxe4 24. dxc6 Rg5 25. cxb7 Rf8 26. Bf3 f5 27. Qxc7 1-0

[Event "Subotica"]
[Site "Subotica"]
[Date "1999.10.29"]
[Round "8"]
[White "Carnic, Srdjan"]
[Black "Sutorikhin, Vladimir"]
[Result "1/2-1/2"]
[WhiteElo "2379"]
[BlackElo "2385"]
[PlyCount "95"]
[EventDate "1999.10.??"]
[EventType "tourn"]
[EventRounds "11"]
[EventCountry "YUG"]
[EventCategory "6"]
[SourceTitle "EXT 2005"]
[Source "ChessBase"]
[SourceDate "2004.11.15"]
[SourceVersion "1"]
[SourceVersionDate "2004.11.15"]
[SourceQuality "1"]

1. d4 Nf6 2. c4 d6 3. Nf3 Nbd7 4. Nc3 c6 5. Bg5 h6 6. Bh4 g5 7. Bg3 Nh5 8. e3 Bg7 9. Bd3 a6 10. 0-0 Nxg3 11. fxg3 0-0 12. Qc2 b5 13. h4 gxh4 14. Nxh4 Nf6 15. Rad1 d5 16. cxd5 cxd5 17. Qf2 Bg4 18. Rc1 e6 19. Bb1 Rc8 20. Nf3 Nd7 21. Ne2 Qe7 22. Nf4 h5 23. Nh2 Qg5 24. Rxc8 Rxc8 25. Nxg4 hxg4 26. Nxd5 Rf8 27. Nc3 Bh6 28. Qf4 Qxf4 29. gxf4 Nb6 30. Kf2 Rc8 31. Bd3 f5 32. Rc1 Kf7 33. Rc2 b4 34. Nb1 Rxc2+ 35. Bxc2 a5 36. Ke2 Nc4 37. b3 Na3 38. Nxa3 bxa3 39. Kd3 Bf8 40. Bd1 g3 41. e4 fxe4+ 42. Kxe4 Bb4 43. Kf3 Be1 44. Ke4 Kf6 45. Bg4 Bb4 46. f5 exf5+ 47. Bxf5 Ke7 48. Kd5 1/2-1/2